000 00754cam a2200229 a 4500
001 4828593
008 891115m19009999fr b 001 0 lat
010 _a 89460532
040 _aDLC
_cDLC
_dDLC
050 0 0 _aKBU3510
_bMIC
100 1 _aMichiels, Gommar.
245 1 0 _aDe delictis et poenis :
_bcommentarius libri V Codicis juris canonici /
_cGommarus Michiels.
250 _a2. ed.
264 _aParisiis :
_bTypis Societatis S. Joannis Evangelistae Desclée et Socii,
_c1961
300 _av. <1-3 > ;
_c25 cm.
336 _atext
_btxt
337 _aunmediated
_bn
338 _2rdacarrier
650 0 _aCriminal law (Canon law)
942 _cOS
999 _c44941
_d44941